| 000 | 00626nam a2200205 u 4500 | ||
|---|---|---|---|
| 005 | 20220628115606.0 | ||
| 008 | 070904s1980 mx r 000 0 spa d | ||
| 020 | _a9681200667 | ||
| 035 | _aUPN01000151662 | ||
| 049 | _aCG | ||
| 050 | 4 |
_aJL1416 _bC4.6 |
|
| 245 | 0 | 0 |
_aCentroamérica en crisis / _cRosario Green ... [et al.]. |
| 260 |
_aMéxico : _bEl Colegio de México, _c1980. |
||
| 300 | _a226 p. | ||
| 651 | 4 |
_aAMERICA CENTRAL - _xPOLITICA Y GOBIERNO _98286 |
|
| 650 | 2 |
_aViolencia _zAmérica Latina _xAspectos sociales _914824 |
|
| 650 | 4 |
_aTotalitarismo _915229 |
|
| 700 | 1 |
_aGreen, Rosario, _ecoaut. |
|
| 905 | _aLibro | ||
| 999 |
_c123798 _d123798 |
||